| 000 | 00432nam a2200169Ia 4500 | ||
|---|---|---|---|
| 008 | 221030s9999 xx 000 0 und d | ||
| 020 | _a007044532X | ||
| 041 | _aEnglish | ||
| 082 |
_a105.23 _bPap |
||
| 100 | _aC. H. Pappas | ||
| 245 | 0 |
_aVisual C++ 6 : The Complete Reference _cby C. H. Pappas, W. H. Murray |
|
| 260 |
_bTMH _aNew Delhi _c2003 |
||
| 300 | _a259 | ||
| 650 | _aBE Computer | ||
| 700 | _aW. H. Murray | ||
| 942 | _cBK | ||
| 999 |
_c1708 _d1708 |
||